000 00591 a2200169 4500
020 _a0750650184 (hardcover)
020 _a9780750650182 (hardcover)
082 0 4 _a658
090 _c5064
_d5064
100 1 _aDrucker, Peter F.
245 1 4 _aThe essential drucker :
_bthe best of sixty years of peter drucker's essential writings on management /
_cPeter F. Drucker.
250 _a2nd ed.
260 _a[S.l.] :
_bharper business,
_c2001.
300 _a358 p. ;
_c24 cm.
856 4 0 _3Amazon.com
_uhttp://www.amazon.com/exec/obidos/ASIN/0750650184/chopaconline-20
942 _aNBS
_cBK
_k658 DRU
999 _c347487
_d347487